Historia universal
Gardado en:
| Main Authors: | , , , , |
|---|---|
| Formato: | Libro |
| Idioma: | Lingua castelá |
| Publicado: |
Ciudad de México
Pearson Educación
2005
|
| Edición: | 2a. ed |
| Subjects: | |
| Tags: |
Engadir etiqueta
Sen Etiquetas, Sexa o primeiro en etiquetar este rexistro!
|
MARC
| LEADER | 00000nam a2200000 a 4500 | ||
|---|---|---|---|
| 001 | UCK9889 | ||
| 003 | CL-VaPUC | ||
| 008 | 060609e20050000MX |||||||||||||||||spa|d | ||
| 020 | |a 9702606675 | ||
| 082 | 0 | 4 | |a 909 |b SAN |2 21 |
| 100 | 0 | |a Sánchez Cordova, Humberto |e author |9 499769 | |
| 700 | 0 | |a Parcero López, Rosa María |e author |9 499770 | |
| 700 | 0 | |a Romo Medrano, Lilia Estela |e author |9 499771 | |
| 700 | 0 | |a Becerra Juárez, Efraín |e author |9 499772 | |
| 700 | 0 | |a Goytia Rofríguez, Katyna |e author |9 499773 | |
| 245 | 1 | 0 | |a Historia universal |
| 250 | |a 2a. ed | ||
| 300 | |a 254 p | ||
| 942 | |c BK | ||
| 945 | |d 20060609 00:00:00 |a jtorresc | ||
| 260 | |a Ciudad de México |b Pearson Educación |c 2005 | ||
| 650 | 0 | |a Historia universal |9 266877 | |
| 583 | |a last modification |c 20060609 00:00:00 |k Rodrigo Vera | ||
| 999 | |c 316890 |d 316888 | ||
| 952 | |0 0 |1 0 |4 0 |6 909_000000000000000_SAN_2005 |7 0 |8 A |9 392448 |a BIBHIS |b BIBHIS |d 2019-11-22 |i 4239741 |o 909 SAN 2005 |p 4239741 |r 2025-01-20 |w 2019-11-22 |y BK |k HIS | ||
| 952 | |0 0 |1 0 |4 0 |6 909_000000000000000_SAN_2005 |7 0 |8 A |9 392449 |a BIBHIS |b BIBHIS |d 2019-11-22 |i 423975K |o 909 SAN 2005 |p 423975K |r 2025-01-20 |w 2019-11-22 |y BK |k HIS | ||